000 00983nam a2200313 i 4500
003 EG-GICUC
005 20260506164553.0
008 260506s1947 As o|||fr|||| 00| 0 eng d
040 _aEG-GiCUC
_beng
_cEG-GiCUC
_dEG-GiCUC
_erda
082 0 4 _221
_a343.83
_bGL . M
092 0 4 _221
099 _aLaw1 10 343.83 GL . M 1947
100 1 _aGlaister, John
_eAuthor.
245 1 0 _aMedical Jurisprudence and Toxicology /
_cBy John Glaister.
250 _aEighth Edition
_bRevised Reprint
264 1 _aEdinburgh :
_bE. & S. Livingstone LTD,
_c1947.
300 _aVi - Xxi, 691 pages :
_bPhotographs;
_c24 cm.
336 _2rda content
_atext
337 _2rda media
_aComputer
338 _2rda carrier
_aOnline Resource
500 _aIndex
546 _aText in English
650 1 _aForensic Medicine
_2qrmak
650 1 _aCriminal Law
_2qrmak
651 1 _2qrmak
856 4 0 _uhttps://fll.law.cu.edu.eg/fulltext/bks/B10-11399.pdf
905 _a54
942 _2ddc
_cBK
_e21
_n0
999 _c76038
_d76038